| 000 | 00662ngm a2200265 4500 | ||
|---|---|---|---|
| 005 | 20170526153305.0 | ||
| 006 | a|||||r|||| 00| | | ||
| 008 | 160218b xxu||||| |||| 00| 0 spa d | ||
| 041 | _aspa | ||
| 082 | _a217 DVD | ||
| 245 | _aHaití:mujeres con coraje | ||
| 260 | _aCosta Rica | ||
| 260 | _aCanal 15 UCR | ||
| 260 | _c2011 | ||
| 300 | _a37 minutos | ||
| 650 |
_aHAITÍ _942813 |
||
| 650 |
_aPOBRESA _942814 |
||
| 650 |
_aMUJERES HAITIANAS _942815 |
||
| 650 |
_aCONDICIONES ADVERSAS _942816 |
||
| 650 |
_aPROBLEMAS SOCIALES _93768 |
||
| 650 |
_aSALUD _9396 |
||
| 650 |
_aVIOLENCIA _91389 |
||
| 650 |
_aDOCUMENTAL _94671 |
||
| 942 | _cDVD | ||
| 999 |
_c9482 _d9482 |
||